[Event "10. Longericher Sommer-Open A"]
[Site "?"]
[Date "2013.07.22"]
[Round "5.4"]
[White "Dijkhuis, Sven"]
[Black "Esser, Thomas"]
[Result "1/2-1/2"]
[WhiteElo "1793"]
[BlackElo "1942"]
[PlyCount "80"]
[EventDate "2013.??.??"]
[WhiteTeam "Schaakclub Utrecht (NL)"]
[BlackTeam "Post-Telekom SV 1925 Aachen e.V."]

1. e4 c5 2. Nf3 e6 3. d4 cxd4 4. Nxd4 Nf6 5. Nc3 Nc6 6. Ndb5 d6 7. Bf4 e5 8.
Bg5 a6 9. Na3 b5 10. Bxf6 gxf6 11. Nd5 f5 12. Bd3 Be6 13. O-O Bxd5 14. exd5 Ne7
15. c4 Bg7 16. Rb1 e4 17. Be2 O-O 18. cxb5 axb5 19. Bxb5 Bxb2 20. Nc4 Bg7 21.
a4 Ng6 22. Qh5 Qf6 23. g3 Ra7 24. Rfe1 Ne7 25. Rbd1 Rc8 26. Qe2 Rc5 27. Nb6 Qc3
28. g4 Rb7 29. Nc4 Rxd5 30. Rxd5 Nxd5 31. Nxd6 Qh3 32. Qf1 Qxg4+ 33. Qg2 Qxg2+
34. Kxg2 Ra7 35. Nxf5 Nc3 36. Nxg7 Kxg7 37. Kg3 Ra8 38. Bc6 Ra6 39. Bb5 Ra8 40.
Bc6 Ra6 1/2-1/2

[Event "10. Longericher Sommer-Open A"]
[Site "?"]
[Date "2013.07.22"]
[Round "5.5"]
[White "Ljuboschiz, Alexander"]
[Black "Lambertz, Michael"]
[Result "0-1"]
[WhiteElo "2167"]
[BlackElo "1985"]
[PlyCount "102"]
[EventDate "2013.??.??"]
[WhiteTeam "SK Altenkirchen"]
[BlackTeam "SF Esch e.V."]

1. e4 c6 2. d4 d6 3. Nc3 Nf6 4. h3 Qa5 5. Bd3 e5 6. Nge2 Nbd7 7. O-O Be7 8. Be3
exd4 9. Nxd4 Nc5 10. Nb3 Qc7 11. Nxc5 dxc5 12. f4 Be6 13. f5 Bd7 14. Kh1 O-O-O
15. Qf3 h5 16. Bf4 Bd6 17. Bc4 Rhf8 18. a4 Be5 19. Rad1 Be8 20. Rxd8+ Kxd8 21.
Rd1+ Kc8 22. Bxe5 Qxe5 23. Qd3 Bd7 24. Kg1 g6 25. Qd6 Qxd6 26. Rxd6 Ne8 27. Rd2
gxf5 28. e5 Be6 29. Be2 h4 30. Kf2 Rg8 31. Bf3 Nc7 32. a5 Rd8 33. Rxd8+ Kxd8
34. Ke3 Ke7 35. Na4 Nd5+ 36. Kf2 c4 37. Ke2 f6 38. exf6+ Kxf6 39. Nc5 b6 40.
axb6 axb6 41. Na4 b5 42. Nc3 Nxc3+ 43. bxc3 Bd5 44. Bxd5 cxd5 45. Kf3 Ke5 46.
g3 hxg3 47. Kxg3 f4+ 48. Kf3 Kf5 49. h4 d4 50. cxd4 b4 51. Ke2 f3+ 0-1

[Event "10. Longericher Sommer-Open A"]
[Site "?"]
[Date "2013.07.22"]
[Round "5.6"]
[White "van der Valk, Niklas"]
[Black "Rokitta, Uwe"]
[Result "1/2-1/2"]
[WhiteElo "2106"]
[BlackElo "1968"]
[PlyCount "41"]
[EventDate "2013.??.??"]
[WhiteTeam "Godesberger SK 1929 e.V."]
[BlackTeam "SC 1919 Siegburg e.V."]

1. d4 Nf6 2. c4 c5 3. d5 b5 4. cxb5 a6 5. bxa6 g6 6. Nc3 Bxa6 7. e4 Bxf1 8.
Kxf1 d6 9. Nf3 Bg7 10. g3 O-O 11. Kg2 Nbd7 12. Re1 Qa5 13. Qc2 Rab8 14. Bd2 Qa6
15. Rab1 Ng4 16. b3 Nge5 17. Nxe5 Nxe5 18. Red1 Nd3 19. a4 Nb4 20. Qc1 Nd3 21.
Qc2 1/2-1/2

[Event "10. Longericher Sommer-Open A"]
[Site "?"]
[Date "2013.07.22"]
[Round "5.7"]
[White "Ramien, David"]
[Black "Freundlieb, Thomas"]
[Result "0-1"]
[WhiteElo "1726"]
[BlackElo "2097"]
[PlyCount "106"]
[EventDate "2013.??.??"]
[WhiteTeam "SG Porz e.V."]
[BlackTeam "SG Niederkassel"]

1. e4 d6 2. d4 Nf6 3. Nc3 e5 4. dxe5 dxe5 5. Qxd8+ Kxd8 6. Bc4 Bb4 7. f3 Ke7 8.
Bg5 Be6 9. Bxe6 Bxc3+ 10. bxc3 Kxe6 11. O-O-O Na6 12. Nh3 Rad8 13. Nf2 Rxd1+
14. Rxd1 h6 15. Be3 Nd7 16. Nd3 c5 17. Nb2 b6 18. Nc4 Nc7 19. a4 Ne8 20. Rd2 f6
21. Kd1 a6 22. a5 bxa5 23. Kc1 a4 24. Kb2 Nc7 25. Rd6+ Ke7 26. Rc6 Rb8+ 27. Ka1
Nb5 28. Nb6 Nxb6 29. Bxc5+ Kd7 30. Rxb6 Rxb6 31. Bxb6 Nxc3 32. Kb2 Nb5 33. c4
Nd6 34. Kc3 a3 35. Bc5 a2 36. Kb2 a1=Q+ 37. Kxa1 Nxc4 38. Bf8 h5 39. Bxg7 Ke6
40. Ka2 Ne3 41. Bh6 Nxg2 42. Kb3 Ne1 43. f4 Nf3 44. f5+ Kf7 45. Ka4 Nxh2 46.
Be3 Ng4 47. Bg1 h4 48. Ka5 h3 49. Kxa6 h2 50. Bxh2 Nxh2 51. Kb5 Nf3 52. Kc4 Ng5
53. Kd3 Ke7 0-1

[Event "10. Longericher Sommer-Open A"]
[Site "?"]
[Date "2013.07.22"]
[Round "5.8"]
[White "Beck, Gerald"]
[Black "Brandl, Lea Maria"]
[Result "1/2-1/2"]
[WhiteElo "2079"]
[BlackElo "1715"]
[PlyCount "39"]
[EventDate "2013.??.??"]
[WhiteTeam "SAbt TSV Haunstetten"]
[BlackTeam "TSV Schott Mainz"]

1. c4 Nf6 2. g3 e6 3. Bg2 d5 4. Nf3 Bd6 5. O-O O-O 6. b3 c5 7. e3 Qe7 8. Nc3
Nc6 9. Bb2 Rd8 10. Qe2 b6 11. Rfd1 Bb7 12. Nb5 Bb8 13. d4 dxc4 14. dxc5 Rxd1+
15. Rxd1 cxb3 16. Ba3 bxc5 17. Qc4 a6 18. Nc3 Bd6 19. axb3 Rc8 20. Na4 1/2-1/2

[Event "10. Longericher Sommer-Open A"]
[Site "?"]
[Date "2013.07.22"]
[Round "5.9"]
[White "Marcziter, Dmitrii"]
[Black "Bieberle, Gerhart"]
[Result "1-0"]
[WhiteElo "2283"]
[BlackElo "1924"]
[PlyCount "105"]
[EventDate "2013.??.??"]
[WhiteTeam "DJK Aufwärts St. Josef Aachen 19"]
[BlackTeam "Post-Telekom SV 1925 Aachen e.V."]

1. d4 e6 2. Nf3 c5 3. c4 cxd4 4. Nxd4 Bb4+ 5. Nc3 Bxc3+ 6. bxc3 Nf6 7. Ba3 a6
8. Qa4 Nc6 9. Nb5 axb5 10. Qxa8 bxc4 11. Qa4 d5 12. e3 Qa5 13. Qxa5 Nxa5 14.
Rb1 Ne4 15. Bb4 Nc6 16. f3 Nxb4 17. Rxb4 Nd6 18. e4 f6 19. Be2 O-O 20. Rb6 Rd8
21. O-O Kf8 22. Rd1 Ke7 23. exd5 e5 24. a4 Bd7 25. Rb4 Rc8 26. Rd2 Rc5 27. g4
g5 28. Bd1 Ra5 29. Bc2 h6 30. Kg2 Kd8 31. h4 Kc7 32. Rd1 Rc5 33. hxg5 hxg5 34.
Kg3 b6 35. Be4 Ra5 36. Rdb1 Ra6 37. Bc2 Kb7 38. Rh1 Ra5 39. Rh6 Rxd5 40. Rxf6
Kc7 41. Rg6 Rd2 42. Bb1 Re2 43. Rxg5 Re3 44. Kf2 Rxc3 45. Rxe5 Rc1 46. Re1 Rc3
47. Be4 Ra3 48. g5 Be6 49. g6 c3 50. Bc2 Bg8 51. Kg3 Kc6 52. Rf4 Ra2 53. Rc1
1-0

[Event "10. Longericher Sommer-Open A"]
[Site "?"]
[Date "2013.07.22"]
[Round "5.10"]
[White "Pick, Stefan"]
[Black "Leontiev, Oleg"]
[Result "1/2-1/2"]
[WhiteElo "2159"]
[BlackElo "1892"]
[PlyCount "59"]
[EventDate "2013.??.??"]
[WhiteTeam "SK Kerpen 64 e.V."]
[BlackTeam "Godesberger SK 1929 e.V."]

1. d4 Nf6 2. Nf3 d5 3. Bg5 c6 4. Nbd2 Nbd7 5. e3 e6 6. Bd3 Bd6 7. Qe2 Qc7 8. c3
O-O 9. O-O-O c5 10. Kb1 c4 11. Bc2 b5 12. e4 dxe4 13. Nxe4 Nd5 14. Nxd6 Qxd6
15. Ne5 N7f6 16. Bxf6 Nxf6 17. g4 Bb7 18. Rhg1 g6 19. Rg3 Kg7 20. f4 Bd5 21.
Rh3 Rh8 22. g5 Ng8 23. Rg3 Rc8 24. h4 b4 25. Be4 a5 26. h5 Ne7 27. h6+ Kf8 28.
Bxd5 Qxd5 29. Qf3 Rc7 30. Qxd5 1/2-1/2

[Event "10. Longericher Sommer-Open A"]
[Site "?"]
[Date "2013.07.22"]
[Round "5.11"]
[White "Berkle, Pascal"]
[Black "Gutt, Oswald"]
[Result "0-1"]
[WhiteElo "1805"]
[BlackElo "2018"]
[PlyCount "112"]
[EventDate "2013.??.??"]
[WhiteTeam "SV Erftstadt e.V."]
[BlackTeam "Bergische SF 1923 Ber"]

1. d4 Nf6 2. c4 e6 3. Nc3 d5 4. cxd5 exd5 5. Bg5 Be7 6. e3 O-O 7. Bd3 Nbd7 8.
Nge2 Re8 9. O-O Nf8 10. Qc2 c6 11. f3 Be6 12. a3 Rc8 13. b4 a5 14. Rfb1 axb4
15. axb4 Ra8 16. Ra2 Rxa2 17. Qxa2 Nh5 18. Bxe7 Qxe7 19. Nd1 f5 20. Qc2 g6 21.
Nec3 Qf6 22. Ne2 Bd7 23. Ra1 Ne6 24. Ra7 Rb8 25. Qb2 Nhg7 26. Qa1 Qd8 27. Ndc3
Ne8 28. Na4 b6 29. Nac3 b5 30. Qe1 Ra8 31. Qa1 N8c7 32. Qa5 Rxa7 33. Qxa7 Qa8
34. Qxa8+ Nxa8 35. Nb1 Nac7 36. Kf2 Na6 37. Ke1 Nxb4 38. Kd2 Kf8 39. Kc3 Na6
40. Kb3 Ke7 41. Nbc3 Nac7 42. e4 fxe4 43. fxe4 dxe4 44. Bxe4 Kd6 45. Bf3 Ng5
46. Ne4+ Nxe4 47. Bxe4 Be6+ 48. Ka3 Bd5 49. Nc3 Bxe4 50. Nxe4+ Kd5 51. Nf6+
Kxd4 52. Nxh7 Kc3 53. Ka2 Kc2 54. Ka3 c5 55. Nf6 b4+ 56. Ka4 b3 0-1

[Event "10. Longericher Sommer-Open A"]
[Site "?"]
[Date "2013.07.22"]
[Round "5.12"]
[White "Mandt, Joachim"]
[Black "Speck, Stefan"]
[Result "0-1"]
[WhiteElo "1788"]
[BlackElo "1998"]
[PlyCount "56"]
[EventDate "2013.??.??"]
[WhiteTeam "Vereinigung der Schachsportfreun"]
[BlackTeam "SC Solingen 1928 e.V."]

1. e4 c6 2. d4 d5 3. exd5 cxd5 4. c4 Nf6 5. Nc3 e6 6. Nf3 Nc6 7. cxd5 Nxd5 8.
a3 Be7 9. Bd3 Bf6 10. Ne2 O-O 11. O-O b6 12. Bxh7+ Kxh7 13. Qc2+ Kg8 14. Qxc6
Ba6 15. Re1 Qe7 16. Ng3 Bb7 17. Qa4 Rfd8 18. Re4 Rac8 19. Rg4 Qc7 20. h3 Qc2
21. Qxc2 Rxc2 22. Nh5 Kf8 23. Rb1 Rdc8 24. Bf4 Nxf4 25. Nxf4 Bxf3 26. gxf3 Rd2
27. Nh5 Bxd4 28. b4 g6 0-1

[Event "10. Longericher Sommer-Open A"]
[Site "?"]
[Date "2013.07.22"]
[Round "5.13"]
[White "Whitmire, James David"]
[Black "de Vivie, Achim"]
[Result "1-0"]
[WhiteElo "1968"]
[BlackElo "1805"]
[PlyCount "87"]
[EventDate "2013.??.??"]
[WhiteTeam "Post-Telekom SV 1925 Aachen e.V."]
[BlackTeam "SF Köln-Longerich 195"]

1. d4 d5 2. Nf3 Nc6 3. Bf4 Nf6 4. e3 e6 5. c4 Bd6 6. Bxd6 cxd6 7. Nc3 dxc4 8.
Bxc4 O-O 9. O-O d5 10. Bd3 Nb4 11. Bb1 Nc6 12. a3 a6 13. Bd3 Qd6 14. Rc1 e5 15.
dxe5 Nxe5 16. Nxe5 Qxe5 17. Be2 Bf5 18. Qd4 Qxd4 19. exd4 Rad8 20. Bf3 Rfe8 21.
Rfe1 Kf8 22. Rxe8+ Kxe8 23. Re1+ Kf8 24. Re3 Ng4 25. Bxg4 Bxg4 26. h3 Be6 27.
f4 h5 28. Re5 g6 29. Kf2 Ke7 30. g4 hxg4 31. hxg4 f6 32. Re1 Kd6 33. Kg3 b5 34.
Rh1 f5 35. g5 Rf8 36. Rh7 Rc8 37. Ra7 Rc6 38. Kf3 Bd7 39. Ke3 Rb6 40. b4 Rc6
41. Kd3 Rb6 42. Ne2 Rc6 43. Kd2 Ke6 44. Nc1 1-0

[Event "10. Longericher Sommer-Open A"]
[Site "?"]
[Date "2013.07.22"]
[Round "5.14"]
[White "Brecker, Hans-Jörg"]
[Black "Meyer, Henrik"]
[Result "1-0"]
[WhiteElo "1963"]
[BlackElo "1667"]
[PlyCount "47"]
[EventDate "2013.??.??"]
[WhiteTeam "SF Erkelenz 1959 e.V."]
[BlackTeam "SK Turm Euskirchen 65"]

1. d4 f5 2. c4 Nf6 3. Nc3 g6 4. Nf3 d6 5. g3 Bg7 6. Bg2 O-O 7. O-O c6 8. b4 Qe8
9. Rb1 e5 10. dxe5 dxe5 11. b5 e4 12. Nd4 Qe7 13. Qc2 c5 14. Nb3 Be6 15. Rd1
Bxc4 16. Nxe4 Bxb5 17. Nxf6+ Bxf6 18. Nxc5 Bc6 19. Bxc6 bxc6 20. Rb7 Qe8 21.
Qb3+ Rf7 22. Bf4 Be7 23. Bxb8 Bxc5 24. Rdd7 1-0

[Event "10. Longericher Sommer-Open A"]
[Site "?"]
[Date "2013.07.22"]
[Round "5.15"]
[White "Gelsok, Philipp"]
[Black "Weinmann-Musset, Manfred"]
[Result "1/2-1/2"]
[WhiteElo "1729"]
[BlackElo "1949"]
[PlyCount "53"]
[EventDate "2013.??.??"]
[WhiteTeam "Bergische SF 1923 Ber"]
[BlackTeam "Ford-SF Köln e.V."]

1. d4 f5 2. g3 Nf6 3. Bg2 g6 4. c4 Bg7 5. Nc3 d6 6. Nf3 O-O 7. O-O Qe8 8. d5 e5
9. dxe6 Bxe6 10. Nd2 c6 11. Qc2 Na6 12. a3 Rd8 13. b3 Nh5 14. Bb2 f4 15. Nce4
Bxb2 16. Qxb2 Qe7 17. b4 d5 18. cxd5 cxd5 19. Nc3 Nc7 20. Rad1 Bg4 21. Nf3 Qf6
22. Na4 Qe7 23. Nc5 b6 24. Nd3 Rde8 25. Nfe5 Bc8 26. Rc1 Bb7 27. Ng4 1/2-1/2

[Event "10. Longericher Sommer-Open A"]
[Site "?"]
[Date "2013.07.22"]
[Round "5.16"]
[White "Schwark, Mario"]
[Black "Statz, Samuel"]
[Result "0-1"]
[WhiteElo "1944"]
[BlackElo "1805"]
[PlyCount "84"]
[EventDate "2013.??.??"]
[WhiteTeam "SG Kalker/Deutze"]
[BlackTeam "SV Erftstadt e.V."]

1. d4 c5 2. d5 Nf6 3. c4 b5 4. cxb5 a6 5. bxa6 g6 6. d6 exd6 7. Bg5 Qa5+ 8. Bd2
Qb6 9. Bc3 Bg7 10. e3 Bxa6 11. Bxa6 Qxa6 12. Qf3 Qc6 13. e4 Nh5 14. Bxg7 Nxg7
15. Nc3 O-O 16. Nge2 Qb7 17. O-O Nc6 18. Rfb1 Ne6 19. a4 Ncd4 20. Nxd4 Nxd4 21.
Qd3 Qa6 22. Qxa6 Rxa6 23. b4 cxb4 24. Nd5 b3 25. Rb2 Kg7 26. f3 Rc8 27. Nb4 Rb6
28. Nd5 Rbc6 29. Rab1 Rc2 30. Nb4 Rxb2 31. Rxb2 Rc1+ 32. Kf2 Rc2+ 33. Rxc2 bxc2
34. Nxc2 Nxc2 35. a5 Nb4 36. Ke2 Kf6 37. f4 d5 38. exd5 Ke7 39. g4 Kd6 40. h4
Kxd5 41. Ke3 f5 42. Kf3 h5 0-1

[Event "10. Longericher Sommer-Open A"]
[Site "?"]
[Date "2013.07.22"]
[Round "5.17"]
[White "Jordans, Ralph"]
[Black "Alvermann, Christian"]
[Result "1-0"]
[WhiteElo "1939"]
[BlackElo "1754"]
[PlyCount "55"]
[EventDate "2013.??.??"]
[WhiteTeam "Ford-SF Köln e.V."]
[BlackTeam "VfB Schach Leipzig e.V."]

1. c4 Nf6 2. Nc3 g6 3. e4 d6 4. d4 Bg7 5. Nf3 O-O 6. Be2 Nbd7 7. h3 c6 8. Be3
Qc7 9. Qd2 b6 10. O-O Bb7 11. Ne1 e5 12. d5 cxd5 13. cxd5 a6 14. Rc1 Rac8 15.
f3 Nh5 16. Nd3 Qb8 17. Kh2 f5 18. f4 fxe4 19. Bxh5 exd3 20. Bg4 Rcd8 21. Be6+
Kh8 22. f5 Nc5 23. Bh6 Ba8 24. Bxg7+ Kxg7 25. Qg5 Qb7 26. f6+ Kh8 27. f7 Nxe6
28. dxe6 1-0

[Event "10. Longericher Sommer-Open A"]
[Site "?"]
[Date "2013.07.22"]
[Round "5.18"]
[White "Theißen, Frank"]
[Black "Ciesla, Daniel"]
[Result "0-1"]
[WhiteElo "1734"]
[BlackElo "1849"]
[PlyCount "54"]
[EventDate "2013.??.??"]
[WhiteTeam "SF 1974 Heinsberg e.V"]
[BlackTeam "SC Gardez Hermeskeil"]

1. e4 d6 2. d4 Nf6 3. Nc3 c6 4. f4 Qa5 5. Bd2 e5 6. dxe5 dxe5 7. f5 Bc5 8. Nf3
Ng4 9. Nd4 exd4 10. Qxg4 dxc3 11. Bxc3 Bb4 12. Qxg7 Bxc3+ 13. bxc3 Rf8 14. Bd3
Nd7 15. O-O Qe5 16. f6 Nc5 17. Rad1 Be6 18. c4 O-O-O 19. Qh6 Rg8 20. Qf4 Qxf4
21. Rxf4 Bxc4 22. Rf3 Bxd3 23. cxd3 Nxe4 24. Re1 Nd6 25. Rh3 Rh8 26. Rf3 Rde8
27. Rb1 Re6 0-1

[Event "10. Longericher Sommer-Open A"]
[Site "?"]
[Date "2013.07.22"]
[Round "5.19"]
[White "Zilberman, Rodion"]
[Black "Rost, Vincent"]
[Result "1-0"]
[WhiteElo "1794"]
[BlackElo "1739"]
[PlyCount "67"]
[EventDate "2013.??.??"]
[WhiteTeam "SF Köln-Longerich 195"]
[BlackTeam "SV Erftstadt e.V."]

1. d4 e6 2. c4 Nf6 3. Nc3 Bb4 4. Qc2 O-O 5. e3 d5 6. Bd3 Nbd7 7. Nge2 c5 8.
cxd5 exd5 9. O-O Bxc3 10. Nxc3 cxd4 11. exd4 Re8 12. Bf4 Nb6 13. Rfe1 Bd7 14.
Bg5 h6 15. Bh4 Re7 16. f3 Rc8 17. Qd2 Rxe1+ 18. Rxe1 Be6 19. b3 Nbd7 20. Ne2
Qb6 21. Nf4 Qxd4+ 22. Bf2 Qc3 23. Qxc3 Rxc3 24. Bd4 Rc6 25. Bb5 Rd6 26. Bxa7 b6
27. Rc1 Kf8 28. Nd3 Ke7 29. Nb4 Bf5 30. Nc6+ Kf8 31. Nd4 Be6 32. Rc8+ Ne8 33.
Bxb6 Nxb6 34. Rxe8# 1-0

[Event "10. Longericher Sommer-Open A"]
[Site "?"]
[Date "2013.07.22"]
[Round "5.20"]
[White "Ringeltaube, Denny"]
[Black "Boschek, Hans-Joachim"]
[Result "0-1"]
[WhiteElo "1765"]
[BlackElo "1915"]
[PlyCount "94"]
[EventDate "2013.??.??"]
[WhiteTeam "Klub Kölner SF e.V. 1"]
[BlackTeam "SV 1922 Hilden"]

1. e4 c5 2. Nc3 Nc6 3. f4 g6 4. Nf3 Bg7 5. Bb5 Nd4 6. Bc4 a6 7. a4 d6 8. h3 Be6
9. Bxe6 fxe6 10. Nxd4 Bxd4 11. Ne2 Bg7 12. O-O Nf6 13. d3 O-O 14. Qe1 Rc8 15.
Qh4 c4 16. Kh1 cxd3 17. cxd3 Qa5 18. g4 Qc5 19. Nc3 Rf7 20. Qf2 Qc6 21. Qe3 Nd7
22. Bd2 Nc5 23. Ra3 b5 24. b4 Nd7 25. Rc1 Qb7 26. axb5 Bxc3 27. Bxc3 Qxb5 28.
Ra5 Qb7 29. Kh2 Rcf8 30. f5 e5 31. Bd2 Rf6 32. Qg3 Nb8 33. Bg5 R6f7 34. Qe1 Nc6
35. Ra4 Qb5 36. Qd1 Nd4 37. Kg2 Rb8 38. Be3 Nc6 39. Rc4 gxf5 40. gxf5 Rg7+ 41.
Kh2 Nd4 42. Bxd4 exd4 43. Qb3 Qe5+ 44. Kh1 Kh8 45. Rc1 Qg3 46. Ra2 Qxh3+ 47.
Rh2 Qf3+ 0-1

[Event "10. Longericher Sommer-Open A"]
[Site "?"]
[Date "2013.07.22"]
[Round "5.21"]
[White "Karwatzki, Hans-Jürgen"]
[Black "Goldenstein, Arnd"]
[Result "0-1"]
[WhiteElo "1714"]
[BlackElo "2037"]
[PlyCount "52"]
[EventDate "2013.??.??"]
[WhiteTeam "Vereinigung der Schachsportfreun"]
[BlackTeam "Klub Kölner SF e.V. 1"]

1. e4 e5 2. f4 exf4 3. Nf3 d5 4. exd5 Nf6 5. c4 c6 6. Nc3 cxd5 7. d4 Bd6 8. Be2
O-O 9. O-O dxc4 10. Bxc4 Bg4 11. Qb3 Bxf3 12. Rxf3 Nc6 13. Rd3 Rc8 14. Bb5 Ng4
15. Qd1 Qh4 16. Rh3 Qf2+ 17. Kh1 Nxd4 18. Ne4 f3 19. Qf1 fxg2+ 20. Qxg2 Qe1+
21. Bf1 Rc2 22. Bh6 Qxe4 23. Qxe4 Nf2+ 24. Kg1 Nxe4 25. Re1 Nd2 26. Bxd2 Rxd2
0-1

[Event "10. Longericher Sommer-Open A"]
[Site "?"]
[Date "2013.07.22"]
[Round "5.22"]
[White "Thierkopf, Guido"]
[Black "Andrijenko, Anatoliy"]
[Result "1-0"]
[WhiteElo "1710"]
[BlackElo "1914"]
[PlyCount "49"]
[EventDate "2013.??.??"]
[WhiteTeam "Brühler SK 1920 e.V."]
[BlackTeam "SF Köln-Longerich 195"]

1. e4 c5 2. Nf3 d6 3. Bb5+ Nc6 4. h3 Nf6 5. Nc3 a6 6. Bxc6+ bxc6 7. e5 Nd7 8.
exd6 exd6 9. O-O Be7 10. Re1 O-O 11. Qe2 Bf6 12. Ne4 d5 13. Nxf6+ Nxf6 14. d3
Qd6 15. Qe5 Qxe5 16. Nxe5 Re8 17. Bg5 Bb7 18. Bxf6 gxf6 19. Nd7 Kg7 20. Nxc5
Rxe1+ 21. Rxe1 Bc8 22. Re7 Bf5 23. g4 Bg6 24. Rc7 Re8 25. Rxc6 {
Ab hier unterschiedliche und letztlich jeweils zweifelhafte Notationen.} 1-0

[Event "10. Longericher Sommer-Open A"]
[Site "?"]
[Date "2013.07.22"]
[Round "5.23"]
[White "Lantsman, Boris"]
[Black "Runte, Dirk"]
[Result "1-0"]
[WhiteElo "1870"]
[BlackElo "1742"]
[PlyCount "120"]
[EventDate "2013.??.??"]
[WhiteTeam "SF Köln-Longerich 195"]
[BlackTeam "SV Fideler Bauer Lever"]

1. e4 c5 2. Nf3 d6 3. d4 cxd4 4. Nxd4 Nf6 5. Nc3 g6 6. Be3 Bg7 7. Be2 Nc6 8.
O-O O-O 9. Kh1 Bd7 10. f4 Nxd4 11. Bxd4 Bc6 12. Bf3 d5 13. exd5 Bd7 14. a3 Qc8
15. Rb1 Bg4 16. Qe2 Qd7 17. Rbd1 Bxf3 18. Qxf3 Rfd8 19. h3 Qf5 20. Rf2 a6 21.
Be5 Rac8 22. g4 Qd7 23. Rd3 Ne8 24. Rfd2 Nd6 25. b3 f6 26. Bd4 Nb5 27. Nxb5
Qxb5 28. c4 Qa5 29. a4 Qc7 30. Qe3 Rd6 31. c5 Rd7 32. Qe6+ Kf8 33. b4 Rcd8 34.
Be3 Bh6 35. g5 Bg7 36. Kg2 f5 37. Kg3 Rb8 38. h4 Qd8 39. h5 Qe8 40. Bf2 Rbd8
41. b5 Qf7 42. Qxf7+ Kxf7 43. c6 bxc6 44. bxc6 Rd6 45. Bc5 gxh5 46. Bxd6 exd6
47. Rc2 h6 48. c7 Rc8 49. gxh6 Bxh6 50. Re3 Bg7 51. Re6 Bf8 52. Kh4 Be7+ 53.
Kxh5 Bf6 54. Rxf6+ Kxf6 55. Kh4 Rh8+ 56. Kg3 Rc8 57. Rc6 Ke7 58. Kh4 Kd7 59.
Kg5 a5 60. Kxf5 Rf8+ 1-0

[Event "10. Longericher Sommer-Open A"]
[Site "?"]
[Date "2013.07.22"]
[Round "5.24"]
[White "Meyer, Stefan"]
[Black "Süß, Stefan"]
[Result "1/2-1/2"]
[WhiteElo "1754"]
[BlackElo "1822"]
[PlyCount "45"]
[EventDate "2013.??.??"]
[WhiteTeam "SV Grevenbroich 1953"]
[BlackTeam "Mosbacher SC von 1931"]

1. d4 g6 2. c4 Bg7 3. Nc3 Nf6 4. e4 d6 5. f4 O-O 6. Nf3 c5 7. d5 Bg4 8. Be2
Bxf3 9. Bxf3 Nbd7 10. O-O Ne8 11. Qc2 Bd4+ 12. Kh1 Nc7 13. Ne2 Bg7 14. Rb1 b5
15. b3 Rb8 16. Bb2 Rb6 17. Bxg7 Kxg7 18. Nc3 b4 19. Na4 Rb8 20. Nb2 a5 21. Nd3
f6 22. Rbe1 e5 23. Qf2 1/2-1/2

[Event "10. Longericher Sommer-Open A"]
[Site "?"]
[Date "2013.07.22"]
[Round "5.25"]
[White "Rieger, Isabelle"]
[Black "Gula, Julian"]
[Result "1-0"]
[WhiteElo "1712"]
[BlackElo "1736"]
[PlyCount "93"]
[EventDate "2013.??.??"]
[WhiteTeam "SV Fideler Bauer Lever"]
[BlackTeam "Verein f. Sport u. Freizeit v. 1"]

1. d4 Nf6 2. c4 g6 3. Nc3 Bg7 4. e4 d6 5. Nf3 O-O 6. Be2 e5 7. O-O Nbd7 8. Be3
c6 9. Rc1 Re8 10. d5 c5 11. Nd2 Rf8 12. a3 Ne8 13. b4 f5 14. f3 f4 15. Bf2 g5
16. Nb3 b6 17. Rc2 h5 18. Nb5 Ndf6 19. Nd2 Kf7 20. Ra2 Rh8 21. Rc2 a6 22. Nc3
Nc7 23. Nb3 Qg8 24. Ra2 Bf8 25. Rc2 g4 26. Qe1 b5 27. bxc5 bxc4 28. Nd2 dxc5
29. Nxc4 Nd7 30. Na4 Nb5 31. Nab2 Nd4 32. Rc3 Nxe2+ 33. Qxe2 g3 34. hxg3 fxg3
35. Be3 h4 36. f4 h3 37. fxe5+ Ke8 38. Bf4 hxg2 39. Qxg2 Rh2 40. Qxg3 Qxg3+ 41.
Rxg3 Rh8 42. Rg6 Ra7 43. Re6+ Kd8 44. Bg5+ Kc7 45. Rc6+ Kb8 46. Bf4 Rg8+ 47.
Kf2 1-0